films par métiers #13 - Statistiques

Statistiques générales
  • Ce quiz a été pris 43 fois
  • Le résultat moyen est 8 sur 20
Statistiques - réponses
Hint Réponse % Correct
Pilote de Course de Rue (Dominic "Dom" Toretto) Fast And Furious (2001)
88%
Président de la Commission de l'Energie Atomique (Lewis Strauss) Oppenheimer (2023)
75%
Gérant d'un "écolo hotel" (Jean-Pierre Lamar) Babysitting 2 (2015)
63%
Chauffeur de Bus (Sam) Speed (1994)
60%
Habilleur de la Haute Société (Rafi Stylmod) La Vérite si je mens ! (1997)
48%
Inspecteur Auxiliaire (Farges) Le Professionnel (1981)
48%
Propriétaire d'une buvette de bord de mer (Fin Shepard) Sharknado (2013)
48%
Coach d'une équipe de football américain de lycée (Joe Wilis) The Faculty (1998)
48%
Professeur d'Anthropologie (Harold Monroe) Cannibal Holocaust (1980)
45%
Sergent technicien de l'United States Air Force (Robert Epps) Transformers (2007)
45%
Infirmière en Chef (Mildred Ratched) Vol au dessus d'un nid de coucou (1975)
43%
Professeur Principal (Kitano) Battle Royale (2000)
40%
Scientifique du gouvernement français/Professeur (Claude Lacombe) Rencontres du 3e type (1977)
35%
Danseuse Vedette d'un Bar (Santanico Pandemonium) Une Nuit en Enfer (1996)
33%
Journaliste (Reiko Asakawa) Ring (1998)
30%
Showgirl dans un salon automobile (Alexia) Titane (2021)
30%
Avocat de William King Hale (W.S Hamilton) Killers Of The Flower Moon (2023)
28%
Agent des Services Secrets sud coréens (Soo Hyun) J'ai rencontré le Diable (2010)
18%
Gardien d'une réserve (Kévin) Le Village (2004)
15%
Conducteur de Poids Lourd (Vieux Clou) Une Virée en Enfer (2001)
10%
Aucun quiz correspondant
Distribution des résultats
% des personnes avec chaque résultat
Percentile par nombre de réponses
Votre historique - résultats
Vous n’avez pas pris ce quiz